| 000 | 00623nam a2200229 a 4500 | ||
|---|---|---|---|
| 999 |
_c6628 _d6628 |
||
| 001 | 6628 | ||
| 003 | BD-JhCC | ||
| 005 | 20180127164835.0 | ||
| 008 | 180127b1967 bg a|||| ||a| 000 0 eng d | ||
| 035 | _a(BD-JhCC)6628 | ||
| 040 |
_aBD-JhCC _dBD-JhCC |
||
| 041 | _aeng | ||
| 082 |
_a954.9105 _bSHE 1967 |
||
| 100 | _aShelley, Mizanur Rahman | ||
| 245 |
_aPakistan Affairs / _cMizanur Rahman Shelley; Hashruzzaman Choudhury |
||
| 260 |
_aDacca : _bBarnali Printers & Publishers, _c1967. |
||
| 300 |
_a372 p. : _c18 cm. |
||
| 650 | _aPakistan | ||
| 700 | _aChoudhury, Hashruzzaman | ||
| 942 |
_2ddc _cBK |
||